Обработка инструментами из шлифовальной шкурки

Detalles Bibliográficos
Autor Principal: Паньков Л. А. Леонид Андреевич
Outros autores: Костин Н. В. Николай Васильевич
Summary:Исключено из фонда НТБ ТПУ
Idioma:ruso
Publicado: Ленинград, Машиностроение, 1988
Formato: MixedMaterials Libro
KOHA link:https://koha.lib.tpu.ru/cgi-bin/koha/opac-detail.pl?biblionumber=115320

MARC

LEADER 00000nam0a2200000 4500
001 115320
005 20231031122600.0
010 |a 5217000546 
020 |a RU  |b 88-67888 
035 |a (RuTPU)RU\TPU\book\124720 
090 |a 115320 
100 |a 20070505d1988 km y0rusy5003 ca 
101 0 |a rus 
102 |a RU 
105 |a a z 001zy 
200 1 |a Обработка инструментами из шлифовальной шкурки  |f Л. А. Паньков, Н. В. Костин 
210 |a Ленинград  |c Машиностроение  |c Ленингр. отд-ние  |d 1988 
215 |a 234,[1] с.  |c ил. 
320 |a Библиогр.: с. 233 (26 назв.). 
333 |a Исключено из фонда НТБ ТПУ 
700 1 |a Паньков  |b Л. А.  |g Леонид Андреевич  |4 070 
701 1 |a Костин  |b Н. В.  |g Николай Васильевич  |4 070 
801 0 |a RU  |b RuMRKP  |c 19950417  |g psbo 
801 1 |a RU  |b 63413507  |c 20070505  |g PSBO 
801 2 |a RU  |b 63413507  |c 20170217  |g PSBO 
942 |c BK